| 000 | 00935cam a2200157 4500500 | ||
|---|---|---|---|
| 005 | 20260426014426.0 | ||
| 041 | _afre | ||
| 042 | _adc | ||
| 100 | 1 | 0 |
_aPoutout, Gilles _eauthor |
| 245 | 0 | 0 | _aRéseaux de santé : créer du lien pour donner du sens |
| 260 | _c2005. | ||
| 500 | _a3 | ||
| 520 | _aRésuméAprès une description des conditions d’émergence et des principes d’organisation des réseaux de santé, l’article présente un bilan de leur développement depuis quinze ans sur le territoire français. Il analyse ensuite leur dynamique de fonctionnement, pour identifier, à partir de différents cas, quelques « invariants » qui percutent les conceptions traditionnelles de l’organisation du système de santé. | ||
| 786 | 0 | _nSociologies pratiques | 11 | 2 | 2005-09-01 | p. 33-54 | 1235-9278 | |
| 856 | 4 | 1 | _uhttps://shs.cairn.info/revue-sociologies-pratiques-2005-2-page-33?lang=fr&redirect-ssocas=7080 |
| 999 |
_c2224937 _d2224937 |
||